000 00577 a2200157 4500
999 _c1980
_d1980
020 _a9780593072967
050 _aHG172.BRO 2015
100 _aBrowder Bill
_d1964-
245 _aRed notice:
_bhow l become Putin's number 1 enemy/
_cBill Browder
264 _aLondon :
_bBantam Books,
_c 2015.
300 _a373 pages, 8 unnumbered pages of plates : illustrations, portraits ; 24 cm
500 _aIncludes index.
650 _a Capitalists and financiers -- United States -- Biography.
650 _aInvestments, Foreign -- Russia (Federation)
942 _2lcc
_cBK
_h172
_iBRO
_kHG